000 01421 a2200241 4500
001 1975
005 20260407155422.0
008 260407a1997 arg spa d
003 AR-UNSa-BCEJYS
040 _aAR-UNSa-BCEJYS
_bspa
_cAR-UNSa-BCEJYS
080 _a336.14
_xPresupuesto público. Presupuesto nacional
245 1 0 _aPresupuesto y control
_pPautas de reforma para América Latina
020 _a978-1-886938-28-1
250 _a1a. ed
264 1 _aWashington :
_bBanco Interamericano de Desarrollo
_c1997
300 _a476 p.
_c23 cm.
505 _a1. Discusión de las teorías centrales - 2. Estados Unidos de América - 3. Canadá - 4. Reino Unido - 5. Suecia - 6. Australia - 7. Nueva Zelanda - 8. España - 9. La experiencia de los países industrializados: recapitulación - 10. Argentina - 11. Brasil - 12. Chile - 13. Colombia - 14. México - 15. Venezuela - 16. La experiencia de los países latinoamericanos: resumen comparativo - 17. La integralidad del presupuesto - 18. El presupuesto y los fines de la política económica - 19. Las preferencias de los votantes y la transparencia presupuestaria - 20. Horizontes futuros, estrategias de reforma
942 _cBK
590 _aniveau_biblio:m niveau_hierar:0
100 1 _aPetrei, Humberto A.
700 1 _aPetrei, Romeo E.
856 4 1 _uhttps://biblioeco.unsa.edu.ar/pmb/images/libros/Presupuesto y Control.jpg
_yImagen de portada
_qimage/jpeg
999 _c244
_d244